Petroleum and gas field processing (Record no. 204)

000 -LEADER
fixed length control field 00684nam a2200241 a 4500
001 - CONTROL NUMBER
control field 204
003 - CONTROL NUMBER IDENTIFIER
control field BD-DhUET
008 - FIXED-LENGTH DATA ELEMENTS--GENERAL INFORMATION
fixed length control field 031014s2003 nyua b 001 0 eng d
020 ## - INTERNATIONAL STANDARD BOOK NUMBER
International Standard Book Number 0824709624
040 ## - CATALOGING SOURCE
Original cataloging agency GAT
Transcribing agency GAT
Modifying agency BD-DhUET
082 00 - DEWEY DECIMAL CLASSIFICATION NUMBER
Classification number 665.53
Item number ABD/2003
100 1# - MAIN ENTRY--PERSONAL NAME
Personal name Abdel-Aal, Hussein K.
245 10 - TITLE STATEMENT
Title Petroleum and gas field processing
Statement of responsibility, etc. by H.K. Abdel-Aal , Mohamed Aggour, M.A. Fahim.
250 ## - EDITION STATEMENT
Edition statement Ist ed.
260 ## - PUBLICATION, DISTRIBUTION, ETC. (IMPRINT)
Place of publication, distribution, etc. New York
Name of publisher, distributor, etc. Marcel Dekker
Date of publication, distribution, etc. 2003
300 ## - PHYSICAL DESCRIPTION
Extent xii, 364 p.
Other physical details ill.
Dimensions 24 cm.
490 1# - SERIES STATEMENT
Series statement Chemical industries
504 ## - BIBLIOGRAPHY, ETC. NOTE
Bibliography, etc Includes bibliographies
650 #0 - SUBJECT ADDED ENTRY--TOPICAL TERM
Topical term or geographic name as entry element Petroleum refineries
700 ## - ADDED ENTRY--PERSONAL NAME
Personal name Aggour, Mohamed
700 1# - ADDED ENTRY--PERSONAL NAME
Personal name Fahim, M. A.
942 ## - ADDED ENTRY ELEMENTS (KOHA)
Koha item type General Book
Holdings
Koha normalized classification for sorting Sublocation or collection (holding branch) Withdrawn status Copy number Koha full call number Price effective from Lost status Piece designation (barcode) Koha date last borrowed Koha date last seen Source of classification or shelving scheme Not for loan Date acquired Damaged status Koha item type Location (home branch) Shelving location Koha issues (times borrowed)
665_000000000000000_53ABD2003Central Library, BUET 1665.53/ABD/20032014-07-16 1081402018-06-232018-07-10  2014-07-16 General BookCentral Library, BUETCirculation section1
665_000000000000000_53ABD2003Central Library, BUET 2665.53/ABD/20032014-07-16 108141 2014-07-16  2014-07-16 General BookCentral Library, BUETCirculation section 
665_530000000000000_ABD_2003Central Library, BUET 3665.53/ABD/20032015-06-17 102389 2015-06-17  2015-06-17 Reading ItemCentral Library, BUETReading section